[Event "SR 2. liga A 2014/2015"]
[Site "?"]
[Date "2015.03.08"]
[Round "11.1"]
[White "Machalec, Vladimir"]
[Black "Mackovic, Miroslav"]
[Result "0-1"]
[WhiteElo "1918"]
[BlackElo "1846"]
[PlyCount "154"]
[EventDate "2014.??.??"]

1. c4 Nf6 2. Nc3 g6 3. d4 d6 4. e4 Bg7 5. Nf3 O-O 6. Be2 Nfd7 7. O-O e5 8. d5
f5 9. Ng5 Nf6 10. f4 h6 11. fxe5 hxg5 12. exf6 Bxf6 13. exf5 gxf5 14. Bd3 a6
15. Qc2 Bd4+ 16. Kh1 f4 17. Ne2 Be5 18. Bh7+ Kh8 19. Be4 Qf6 20. Bd2 Bg4 21.
Bc3 Nd7 22. g3 Qh6 23. gxf4 gxf4 24. Ng1 Bxc3 25. Qxc3+ Ne5 26. Rf2 Rf7 27.
Raf1 Raf8 28. h3 Bh5 29. Nf3 Bxf3+ 30. Bxf3 Rg7 31. Bg2 Rfg8 32. Qd4 Rg3 33.
Qxf4 Qxf4 34. Rxf4 R8g5 35. Rh4+ Kg8 36. Rf2 Nd3 37. Rd2 Ne5 38. Rf4 Re3 39.
Kh2 Reg3 40. b3 Rg7 41. Rdf2 Re3 42. Be4 Rgg3 43. Bf5 Rg5 44. h4 Rgg3 45. Be6+
Kg7 46. Rg2 Rxg2+ 47. Kxg2 Re2+ 48. Rf2 Rxf2+ 49. Kxf2 b6 50. Kg3 Kf6 51. Kf4
Nd3+ 52. Kg4 Nc1 53. Bf5 Nxa2 54. h5 Nc1 55. Bc2 Ne2 56. b4 Kg7 57. Kg5 Nd4 58.
h6+ Kh8 59. Be4 a5 60. Kf6 axb4 61. Ke7 b5 62. c5 dxc5 63. Kd7 c4 64. Kxc7 c3
65. d6 Ne6+ 66. Kd7 Nc5+ 67. Kc6 b3 68. Kxc5 c2 69. d7 c1=Q+ 70. Kb6 Qxh6+ 71.
Kb7 Qf6 72. Kc8 Qe6 73. Bb1 Kg7 74. Kc7 Qe5+ 75. Kc8 Qc5+ 76. Kb7 Qd6 77. Bf5
Kf6 0-1

[Event "SR 2. liga A 2014/2015"]
[Site "?"]
[Date "2015.03.08"]
[Round "11.1"]
[White "Capanda, Jan"]
[Black "Goga, Frantisek"]
[Result "1/2-1/2"]
[WhiteElo "1762"]
[BlackElo "1909"]
[PlyCount "132"]
[EventDate "2014.??.??"]

1. e4 c5 2. Nf3 d6 3. c4 Nc6 4. Nc3 g6 5. d3 Bg7 6. Be2 Nf6 7. h3 O-O 8. O-O a6
9. Rb1 Rb8 10. Bd2 b5 11. b3 e6 12. Nh2 b4 13. Na4 Nd4 14. f4 Nxe2+ 15. Qxe2
Nh5 16. Rf3 f5 17. g4 fxg4 18. hxg4 Bd4+ 19. Kg2 Ng7 20. Rh3 Rb7 21. Nf3 Bf6
22. Rbh1 h5 23. Rg3 Kf7 24. e5 Be7 25. Qe4 d5 26. Qe3 dxc4 27. dxc4 Rd7 28. Bc1
Rd3 29. Qxd3 Qxd3 30. Ng5+ Bxg5 31. Rxd3 Bb7+ 32. Kg1 Bxh1 33. Kxh1 Be7 34. Kg2
hxg4 35. Kg3 Rh8 36. Kxg4 Rh4+ 37. Kf3 Rh1 38. Be3 Nf5 39. Bf2 Rh3+ 40. Ke2 Rh2
41. Kf1 Rh1+ 42. Kg2 Ra1 43. Nxc5 Rxa2 44. Ne4 Ke8 45. Kf3 Nh6 46. Nd6+ Kf8 47.
Nc8 a5 48. Nxe7 Kxe7 49. Bb6 Nf7 50. c5 a4 51. bxa4 Ra3 52. Rxa3 bxa3 53. c6 a2
54. Bd4 Kd8 55. Ke2 Kc7 56. Kd2 Nd8 57. Kc2 Nxc6 58. Bc3 a1=Q 59. Bxa1 Nb4+ 60.
Kc3 Nd5+ 61. Kd4 Nxf4 62. Ke4 Nd5 63. Bd4 Kb7 64. Kf3 Ka6 65. Kg4 Ka5 66. Kg5
Ne7 1/2-1/2

[Event "SR 2. liga A 2014/2015"]
[Site "?"]
[Date "2015.03.08"]
[Round "11.2"]
[White "Cibulka, Vladimir"]
[Black "Drtina, Milan"]
[Result "1/2-1/2"]
[WhiteElo "2207"]
[BlackElo "2175"]
[PlyCount "35"]
[EventDate "2014.??.??"]

1. e4 e6 2. d4 d5 3. exd5 exd5 4. Bd3 Bd6 5. c3 Qe7+ 6. Qe2 Qxe2+ 7. Nxe2 Ne7
8. Bf4 Bxf4 9. Nxf4 c6 10. Nd2 Bf5 11. Bxf5 Nxf5 12. Nd3 Nd7 13. O-O O-O 14.
Rfe1 Rfe8 15. Rxe8+ Rxe8 16. Kf1 f6 17. Re1 Rxe1+ 18. Kxe1 1/2-1/2

[Event "SR 2. liga A 2014/2015"]
[Site "?"]
[Date "2015.03.08"]
[Round "11.2"]
[White "Kalmar, Tamas"]
[Black "Puskar, Peter"]
[Result "1-0"]
[WhiteElo "1966"]
[BlackElo "2051"]
[PlyCount "81"]
[EventDate "2014.??.??"]

1. d4 d5 2. c4 e6 3. Nc3 Nf6 4. Bg5 Nbd7 5. e3 c6 6. cxd5 exd5 7. Nf3 Be7 8.
Bd3 O-O 9. O-O Re8 10. Qc2 Nf8 11. h3 h6 12. Bf4 Bd6 13. Bxd6 Qxd6 14. Rfc1 Ne6
15. a3 Ng5 16. Nxg5 hxg5 17. Bf5 g4 18. hxg4 Nxg4 19. Bxg4 Bxg4 20. f3 Bxf3 21.
gxf3 Rxe3 22. Qf2 Qg6+ 23. Kf1 Qd3+ 24. Kg2 Re6 25. Re1 Rg6+ 26. Kh2 Kh7 27.
Ne2 Qf5 28. Ng3 Rh6+ 29. Kg1 Qf4 30. Kg2 f5 31. Rh1 Rg8 32. Rae1 Qg5 33. f4 Qf6
34. Re5 g6 35. Qe3 Rg7 36. Re6 Qf7 37. Rxh6+ Kxh6 38. Ne4 Rg8 39. Qh3+ Kg7 40.
Ng5 Rh8 41. Qxh8+ 1-0

[Event "SR 2. liga A 2014/2015"]
[Site "?"]
[Date "2015.03.08"]
[Round "11.2"]
[White "Stetina, Erik"]
[Black "Meszaros, Lorant"]
[Result "1-0"]
[WhiteElo "2051"]
[BlackElo "2071"]
[PlyCount "53"]
[EventDate "2014.??.??"]

1. e4 e5 2. Nf3 Nc6 3. Bb5 a6 4. Ba4 Nf6 5. O-O Be7 6. Qe2 b5 7. Bb3 d6 8. c3
Na5 9. Bc2 c5 10. Rd1 O-O 11. d4 Qc7 12. h3 cxd4 13. cxd4 Bb7 14. d5 Rac8 15.
Bd3 Nc4 16. Nbd2 Nxd2 17. Bxd2 Qd7 18. b3 Rb8 19. a4 bxa4 20. Rxa4 Rbc8 21. Bc4
Ne8 22. Rda1 Nc7 23. Ne1 f5 24. Nd3 Bf6 25. Nb4 fxe4 26. Qxe4 Bh4 27. Qxh4 1-0

[Event "SR 2. liga A 2014/2015"]
[Site "?"]
[Date "2015.03.08"]
[Round "11.2"]
[White "Darazs, Zoltan"]
[Black "Puchart, Vladimir"]
[Result "1/2-1/2"]
[WhiteElo "2128"]
[BlackElo "2031"]
[PlyCount "80"]
[EventDate "2014.??.??"]

1. e4 c5 2. Nf3 d6 3. d4 cxd4 4. Nxd4 Nf6 5. Nc3 a6 6. Bg5 Nbd7 7. f4 g6 8. Nf3
Qb6 9. Qd2 Bg7 10. Bc4 Qxb2 11. Rd1 O-O 12. O-O Nc5 13. Bxf6 Bxf6 14. e5 Bg7
15. Nd5 dxe5 16. Nxe7+ Kh8 17. Nxc8 Raxc8 18. Rb1 Qa3 19. Nxe5 Bxe5 20. fxe5
Ne4 21. Qd4 Qc5 22. Qxc5 Rxc5 23. Rxf7 Rxf7 24. Bxf7 b5 25. e6 Kg7 26. Rf1 Nd6
27. e7 Re5 28. Bb3 Rxe7 29. Rd1 Nf5 30. Rd8 Rc7 31. Ra8 Rc6 32. g4 Nd4 33. Bd5
Rd6 34. Be4 h6 35. Kf2 Nxc2 36. Ra7+ Kf6 37. Bxc2 Rd2+ 38. Kg3 Rxc2 39. Rxa6+
Kf7 40. Ra7+ Kf6 1/2-1/2

[Event "SR 2. liga A 2014/2015"]
[Site "?"]
[Date "2015.03.08"]
[Round "11.2"]
[White "Doucha, Ludvik"]
[Black "Vegh, Vince"]
[Result "1-0"]
[WhiteElo "2006"]
[BlackElo "1919"]
[PlyCount "87"]
[EventDate "2014.??.??"]

1. e4 c5 2. c4 e5 3. Nc3 Nf6 4. d3 Nc6 5. f4 exf4 6. Bxf4 d6 7. Nf3 Be7 8. Be2
O-O 9. O-O a6 10. Qd2 Bg4 11. Rae1 Bxf3 12. Bxf3 Nd4 13. Bd1 b5 14. b3 Qd7 15.
h3 Rab8 16. e5 dxe5 17. Bxe5 Rb6 18. Bxf6 Rxf6 19. Rxf6 Bxf6 20. Nd5 Bd8 21.
Qe3 Qd6 22. Qe5 Qg6 23. Re3 Ne6 24. Bh5 Qh6 25. Bxf7+ Kxf7 26. Qf5+ Kg8 27.
Qxe6+ Qxe6 28. Rxe6 bxc4 29. dxc4 a5 30. g3 Bg5 31. Rc6 Rf5 32. h4 Bf6 33.
Nxf6+ gxf6 34. Ra6 Kf7 35. Rxa5 Ke6 36. Kg2 h5 37. a3 Re5 38. b4 Re3 39. Rxc5
Rxa3 40. b5 f5 41. b6 Ra8 42. b7 Rb8 43. Rb5 Kd6 44. Kf3 1-0

[Event "SR 2. liga A 2014/2015"]
[Site "?"]
[Date "2015.03.08"]
[Round "11.2"]
[White "Szitasi, Janos"]
[Black "Sturdik, Igor"]
[Result "1/2-1/2"]
[WhiteElo "1943"]
[BlackElo "1990"]
[PlyCount "71"]
[EventDate "2014.??.??"]

1. e4 Nf6 2. e5 Nd5 3. d4 d6 4. c4 Nb6 5. exd6 exd6 6. Be2 Be7 7. Nf3 Bg4 8.
Qc2 Nc6 9. Be3 Qd7 10. Nbd2 Bf5 11. Qb3 a5 12. a3 O-O 13. O-O Rfe8 14. Rad1 Bf6
15. Bd3 Bxd3 16. Qxd3 d5 17. c5 Nc8 18. Bg5 Bxg5 19. Nxg5 g6 20. Rfe1 N8e7 21.
Ndf3 Nf5 22. h4 h6 23. Nh3 Rxe1+ 24. Rxe1 Ng7 25. Nf4 Rd8 26. Qb5 Nf5 27. Rd1
Ne5 28. Qb3 Nxf3+ 29. Qxf3 Nxh4 30. Qg3 Nf5 31. Qc3 Ng7 32. Qxa5 Qg4 33. Qd2
Nf5 34. f3 Qh4 35. Nh3 Re8 36. Qf2 1/2-1/2

[Event "SR 2. liga A 2014/2015"]
[Site "?"]
[Date "2015.03.08"]
[Round "11.2"]
[White "Kolenak, Matus"]
[Black "Fekete, Robert"]
[Result "1-0"]
[WhiteElo "1977"]
[BlackElo "1908"]
[PlyCount "81"]
[EventDate "2014.??.??"]

1. d4 g6 2. c4 Bg7 3. e4 d6 4. Nc3 e6 5. Nf3 h6 6. Be3 Nd7 7. Qd2 e5 8. O-O-O
Qe7 9. Nd5 Qd8 10. dxe5 Nxe5 11. Nxe5 Bxe5 12. f4 Bg7 13. Bd3 Be6 14. f5 Bxd5
15. exd5 g5 16. Rde1 Be5 17. Bd4 f6 18. Bxe5 dxe5 19. h4 gxh4 20. Be2 Qe7 21.
Bh5+ Kd7 22. Rxh4 Qg7 23. Rg4 Qf8 24. Qa5 Ne7 25. Qb5+ Kc8 26. Rg3 a6 27. Qc5
Nxf5 28. Qxf8+ Rxf8 29. Bg4 Kd7 30. Bxf5+ Ke7 31. Rh1 Rg8 32. Rxg8 Rxg8 33. g4
Rh8 34. Kd2 Kd6 35. b4 b6 36. Ke3 Ke7 37. c5 b5 38. Ke4 Kf7 39. d6 cxd6 40.
cxd6 Ke8 41. Kd5 1-0

[Event "SR 2. liga A 2014/2015"]
[Site "?"]
[Date "2015.03.08"]
[Round "11.3"]
[White "Bronis, Marian"]
[Black "Spacek, Oliver"]
[Result "0-1"]
[WhiteElo "2157"]
[BlackElo "2011"]
[PlyCount "56"]
[EventDate "2014.??.??"]

1. d4 Nf6 2. Nc3 d5 3. Bf4 Bf5 4. e3 e6 5. f3 Bd6 6. g4 Bg6 7. h4 h5 8. g5 Bxf4
9. exf4 Ng8 10. Bd3 Ne7 11. Bxg6 Nxg6 12. f5 Nxh4 13. fxe6 Qxg5 14. Nxd5 Qxd5
15. Rxh4 Qg5 16. Rh1 Qg2 17. Qe2 Qxh1 18. Qb5+ Nc6 19. exf7+ Kf8 20. O-O-O Rh6
21. Qxb7 Rd8 22. Qxc7 Qh4 23. Ne2 Qe7 24. Qh2 Qe3+ 25. Kb1 Ne5 26. Qh4 Nxf7 27.
Ng3 Re6 28. Ne4 Rxd4 0-1

[Event "SR 2. liga A 2014/2015"]
[Site "?"]
[Date "2015.03.08"]
[Round "11.3"]
[White "Gasa, Patrik"]
[Black "Biro, Karol"]
[Result "1/2-1/2"]
[WhiteElo "2074"]
[BlackElo "2136"]
[PlyCount "107"]
[EventDate "2014.??.??"]

1. d4 e6 2. c4 Nf6 3. Nf3 b6 4. g3 Ba6 5. b3 d5 6. Nbd2 Nbd7 7. Bg2 c5 8. Bb2
Rc8 9. O-O Be7 10. Rc1 O-O 11. Re1 Bb7 12. e3 Rc7 13. Ne5 Qa8 14. Qe2 dxc4 15.
Bxb7 Qxb7 16. Ndxc4 cxd4 17. Nxd7 Nxd7 18. Bxd4 Rfc8 19. Bb2 b5 20. Na3 a6 21.
Rxc7 Rxc7 22. Rd1 Qc8 23. Rd2 Bb4 24. Qg4 Bf8 25. Qe2 Nb6 26. Nc2 Nd5 27. Nd4
Nb4 28. a3 Nc6 29. Nxc6 Rxc6 30. Qd3 Rd6 31. Qc2 Qd7 32. Rxd6 Qxd6 33. a4 bxa4
34. bxa4 Qb4 35. Kg2 h5 36. h4 Qb7+ 37. Kg1 Qf3 38. Qd3 Qc6 39. Qd4 f6 40. Qd1
Qd5 41. Qxd5 exd5 42. Bd4 Kf7 43. f3 Ke6 44. Kf2 Kf5 45. Kg2 Bd6 46. Kh3 g6 47.
Kg2 g5 48. Kh3 gxh4 49. Kxh4 Kg6 50. g4 hxg4 51. Kxg4 f5+ 52. Kh4 Be7+ 53. Kg3
Kg5 54. Kf2 1/2-1/2

[Event "SR 2. liga A 2014/2015"]
[Site "?"]
[Date "2015.03.08"]
[Round "11.3"]
[White "Sukuba, Zdeno"]
[Black "Jablonicky, Martin"]
[Result "1-0"]
[WhiteElo "2096"]
[BlackElo "1949"]
[PlyCount "113"]
[EventDate "2014.??.??"]

1. c4 f5 2. g3 Nf6 3. Nc3 g6 4. Bg2 Bg7 5. Nf3 d6 6. O-O O-O 7. Rb1 e5 8. d3 a5
9. a3 c6 10. b4 axb4 11. axb4 h6 12. b5 c5 13. Ne1 Nbd7 14. Bb2 Nb6 15. Qb3 Qc7
16. Nc2 Be6 17. Ne3 g5 18. Ra1 f4 19. Ned5 Nfxd5 20. Nxd5 Bxd5 21. Bxd5+ Nxd5
22. cxd5 b6 23. Rxa8 Rxa8 24. Ra1 Rxa1+ 25. Bxa1 Qa7 26. Bc3 Qa8 27. Kg2 fxg3
28. hxg3 h5 29. Bd2 g4 30. Bg5 e4 31. Bf4 h4 32. gxh4 Qf8 33. Bg3 Qf5 34. Bxd6
Bd4 35. Bg3 exd3 36. d6+ Kg7 37. Qxd3 Qd5+ 38. e4 Qf7 39. Qe2 Qe6 40. Bf4 c4
41. d7 Qxd7 42. Qxc4 Bc5 43. Qe2 Kg6 44. e5 Qf5 45. Bg3 Be7 46. Qc4 Qf3+ 47.
Kh2 Bc5 48. Qe6+ Kg7 49. Qd7+ Kg6 50. Qc6+ Kf7 51. Qxf3+ gxf3 52. Kh3 Ke6 53.
Kg4 Kd5 54. h5 Kc4 55. h6 Bf8 56. h7 Bg7 57. e6 1-0

[Event "SR 2. liga A 2014/2015"]
[Site "?"]
[Date "2015.03.08"]
[Round "11.3"]
[White "Mandak, Miroslav"]
[Black "Nemeckay, Rastislav"]
[Result "1/2-1/2"]
[WhiteElo "2003"]
[BlackElo "1985"]
[PlyCount "44"]
[EventDate "2014.??.??"]

1. e4 e5 2. Nf3 Nc6 3. Bb5 a6 4. Ba4 Nf6 5. O-O b5 6. Bb3 Be7 7. Re1 d6 8. c3
O-O 9. h3 Na5 10. Bc2 c5 11. d4 Qc7 12. Nbd2 Bd7 13. d5 Ne8 14. Nf1 g6 15. Bh6
Ng7 16. Ng3 Nb7 17. a4 c4 18. Qd2 Nc5 19. axb5 axb5 20. Kh2 Rxa1 21. Rxa1 Na4
22. Bd1 Ra8 1/2-1/2

[Event "SR 2. liga A 2014/2015"]
[Site "?"]
[Date "2015.03.08"]
[Round "11.3"]
[White "Ocko, Martin"]
[Black "Kebis, Milos"]
[Result "1-0"]
[WhiteElo "1857"]
[BlackElo "1942"]
[PlyCount "71"]
[EventDate "2014.??.??"]

1. e4 e5 2. Nf3 Nc6 3. Bb5 Nf6 4. d3 d6 5. c3 Be7 6. O-O O-O 7. h3 Bd7 8. Ba4
Re8 9. Re1 a6 10. Nbd2 Bf8 11. Nf1 g6 12. Ng3 Bg7 13. Bd2 d5 14. Bg5 d4 15.
Bxc6 Bxc6 16. cxd4 h6 17. Bxf6 Bxf6 18. dxe5 Bxe5 19. Nxe5 Rxe5 20. d4 Re8 21.
d5 Bd7 22. Qb3 h5 23. Rac1 h4 24. Nf1 b5 25. e5 Re7 26. Nd2 Be8 27. Nf3 Rd7 28.
Rcd1 Rb8 29. Nh2 Qg5 30. Ng4 Re7 31. Qb4 Kg7 32. d6 cxd6 33. exd6 Rxe1+ 34.
Qxe1 Bd7 35. Qc3+ f6 36. Qc7 1-0

[Event "SR 2. liga A 2014/2015"]
[Site "?"]
[Date "2015.03.08"]
[Round "11.3"]
[White "Mikulasek, Viktor"]
[Black "Danada, Ondrej"]
[Result "1/2-1/2"]
[WhiteElo "1889"]
[BlackElo "1870"]
[PlyCount "43"]
[EventDate "2014.??.??"]

1. e4 c6 2. d4 d5 3. Nd2 dxe4 4. Nxe4 Bf5 5. Ng3 Bg6 6. Nf3 Nd7 7. Nh4 e6 8.
Nxg6 hxg6 9. Bd3 Qc7 10. Qf3 Bd6 11. Ne4 Ngf6 12. Nxd6+ Qxd6 13. Qf4 Qxf4 14.
Bxf4 Nd5 15. Bd2 Rh4 16. c3 Nf4 17. Bf1 Nd5 18. O-O-O b5 19. g3 Rh8 20. Bg2 Rc8
21. h4 N7b6 22. Kb1 1/2-1/2

[Event "SR 2. liga A 2014/2015"]
[Site "?"]
[Date "2015.03.08"]
[Round "11.3"]
[White "Ulehla, Jakub"]
[Black "Zacka, Ladislav"]
[Result "1-0"]
[WhiteElo "1479"]
[BlackElo "1716"]
[PlyCount "51"]
[EventDate "2014.??.??"]

1. e4 c5 2. Nf3 d6 3. d4 cxd4 4. Nxd4 Nf6 5. Nc3 a6 6. Be2 g6 7. Be3 Bg7 8. f3
Nbd7 9. Qd2 Qa5 10. O-O-O O-O 11. Kb1 Ne5 12. Nd5 Qd8 13. g4 Nxd5 14. exd5 Bd7
15. h4 Rc8 16. h5 Nc4 17. Bxc4 Rxc4 18. hxg6 fxg6 19. Qh2 Kf7 20. Ne6 Bxe6 21.
dxe6+ Kxe6 22. Qe2 Qc8 23. Bh6+ Kf7 24. Bxg7 Kxg7 25. Qxe7+ Rf7 26. Rxh7+ 1-0

[Event "SR 2. liga A 2014/2015"]
[Site "?"]
[Date "2015.03.08"]
[Round "11.4"]
[White "Maslik, Miroslav"]
[Black "Federic, Jozef"]
[Result "0-1"]
[WhiteElo "2365"]
[BlackElo "2305"]
[PlyCount "80"]
[EventDate "2014.??.??"]

1. e4 c5 2. Nf3 e6 3. d4 cxd4 4. Nxd4 Nf6 5. Nc3 d6 6. g4 Nc6 7. g5 Nd7 8. Be3
Nde5 9. Be2 a6 10. Qd2 b5 11. Nxc6 Nxc6 12. O-O-O Qa5 13. b3 Bb7 14. f4 Rc8 15.
Kb2 Be7 16. Rhf1 O-O 17. Bd3 d5 18. Nb1 Nb4 19. a3 Nxd3+ 20. cxd3 b4 21. e5
bxa3+ 22. Ka2 Bb4 23. Qf2 d4 24. Bxd4 Bd5 25. Rc1 Qa4 26. Rc4 Bxc4 27. dxc4 Qc6
28. Nxa3 Bxa3 29. Kxa3 a5 30. Qf3 Qd7 31. Qc3 Rc6 32. Rc1 Rb8 33. Qe3 Qb7 34.
Qc3 Qe7+ 35. c5 Rb4 36. Qd3 Rc8 37. Rc4 Qb7 38. Ka2 Qb5 39. Qc2 a4 40. Rxb4
Qxb4 0-1

[Event "SR 2. liga A 2014/2015"]
[Site "?"]
[Date "2015.03.08"]
[Round "11.4"]
[White "Kleman, Miroslav"]
[Black "Gabris, Ondrej"]
[Result "0-1"]
[WhiteElo "2230"]
[BlackElo "2251"]
[PlyCount "138"]
[EventDate "2014.??.??"]

1. Nc3 c5 2. g3 Nc6 3. Bg2 g6 4. e3 Bg7 5. Nge2 d6 6. d4 Bg4 7. h3 Bxe2 8. Nxe2
Qb6 9. c3 Nf6 10. O-O O-O 11. Rb1 Qa6 12. a3 b5 13. e4 Rac8 14. Be3 Rfd8 15.
Qd3 Nd7 16. Rfd1 Nb6 17. f4 Qa4 18. Bf2 cxd4 19. cxd4 Qc4 20. Qe3 b4 21. Bf1
Qa6 22. d5 Na5 23. axb4 Nac4 24. Qb3 Qb5 25. Nc3 Qd7 26. Ra1 Nxb2 27. Rdc1 N2c4
28. Ra2 Rc7 29. Na4 Nxa4 30. Rxc4 Rxc4 31. Qxc4 Rc8 32. Qa6 Nc3 33. Rc2 Rc7 34.
Qd3 Qa4 35. b5 Nxd5 36. Rxc7 Nxc7 37. e5 Bf8 38. exd6 exd6 39. b6 axb6 40. Bxb6
Ne6 41. Bf2 Qa5 42. Bg2 Qa1+ 43. Kh2 Qb2 44. Kg1 Qf6 45. Qd2 h5 46. h4 Qf5 47.
Bf3 Nc5 48. Bxc5 dxc5 49. Bd5 Bg7 50. Kg2 Bd4 51. Bf3 Qb1 52. Qd1 Qb4 53. f5
Kg7 54. fxg6 fxg6 55. Be4 Qc3 56. Qd3 Qe1 57. Qf3 Qd2+ 58. Kh3 Bg1 59. Qg2 Qd7+
60. g4 Bd4 61. Qf3 c4 62. Qf4 Bf6 63. Kg3 Qe7 64. Kh3 Be5 65. Qf3 Qd7 66. Qe2
c3 67. Bc2 Bb8 68. Qf3 Kh7 69. Bd3 hxg4+ 0-1

[Event "SR 2. liga A 2014/2015"]
[Site "?"]
[Date "2015.03.08"]
[Round "11.4"]
[White "Madar, Martin"]
[Black "Mydlarik, Martin"]
[Result "0-1"]
[WhiteElo "2174"]
[BlackElo "2138"]
[PlyCount "132"]
[EventDate "2014.??.??"]

1. e4 e6 2. d3 d5 3. Nd2 c5 4. Ngf3 Nc6 5. g3 Nf6 6. Bg2 Be7 7. O-O O-O 8. Re1
dxe4 9. dxe4 e5 10. c3 Qc7 11. Qc2 b6 12. Nf1 Ba6 13. Bg5 Rad8 14. Rad1 Ng4 15.
Bxe7 Nxe7 16. h3 Nf6 17. Ne3 Bb7 18. Nh4 g6 19. c4 Rxd1 20. Rxd1 Nc6 21. Nd5
Nxd5 22. exd5 Nd4 23. Qd2 Qd6 24. Nf3 Ba6 25. Nxd4 cxd4 26. Rc1 Rc8 27. Bf1 Bb7
28. Bg2 Ba6 29. Bf1 Bb7 30. Bg2 a5 31. a3 a4 32. Qb4 Qc5 33. Qxa4 b5 34. b4
bxa4 35. bxc5 Rxc5 36. Rb1 Bc8 37. Rb4 f5 38. Rxa4 d3 39. Kf1 Bd7 40. Rb4 e4
41. Ke1 Kf7 42. Kd2 Kf6 43. Ke3 Ke5 44. f3 d2 45. f4+ Kd6 46. Kxd2 Ra5 47. Rb3
Kc5 48. Rb7 Kd6 49. Rb3 Ra4 50. Kc3 Kc5 51. Bf1 Ra7 52. Be2 h6 53. g4 Ba4 54.
Rb8 Bd7 55. Rb3 Ra6 56. gxf5 gxf5 57. Bh5 Ra4 58. Be2 Ra8 59. h4 Rg8 60. Kd2
Kd4 61. h5 Ba4 62. Rh3 Rg1 63. d6 Ra1 64. d7 Bxd7 65. Bd1 e3+ 66. Ke1 Ba4 0-1

[Event "SR 2. liga A 2014/2015"]
[Site "?"]
[Date "2015.03.08"]
[Round "11.4"]
[White "Mruskovic, Radoslav"]
[Black "Janos, Ivan"]
[Result "1-0"]
[WhiteElo "1986"]
[BlackElo "2171"]
[PlyCount "81"]
[EventDate "2014.??.??"]

1. d4 Nf6 2. c4 e6 3. Nf3 c5 4. d5 exd5 5. cxd5 d6 6. Nc3 g6 7. e4 Bg7 8. Bf4
O-O 9. Bd3 Bg4 10. O-O Nh5 11. Be3 Nd7 12. Be2 Qe7 13. Nd2 Bxe2 14. Qxe2 a6 15.
a4 Rfe8 16. Nc4 b6 17. f3 Rab8 18. g4 b5 19. axb5 axb5 20. Na5 b4 21. Nc6 Qh4
22. Nxb8 Rxb8 23. Nb5 Ng3 24. Qf2 Rxb5 25. Ra8+ Nb8 26. hxg3 Qh3 27. b3 Be5 28.
Qg2 Qxg2+ 29. Kxg2 Rb7 30. Bf4 Kf8 31. Bxe5 dxe5 32. Rfa1 Ke7 33. R1a7 Rxa7 34.
Rxa7+ Nd7 35. Kf2 Kd6 36. Ke2 f6 37. Kd3 h6 38. Ra8 f5 39. Ra6+ Ke7 40. gxf5
gxf5 41. Rxh6 1-0

[Event "SR 2. liga A 2014/2015"]
[Site "?"]
[Date "2015.03.08"]
[Round "11.4"]
[White "Michal, Silvio"]
[Black "Kundrak, Vladimir"]
[Result "1-0"]
[WhiteElo "2089"]
[BlackElo "1949"]
[PlyCount "43"]
[EventDate "2014.??.??"]

1. c4 Nf6 2. Nc3 g6 3. g3 d5 4. cxd5 Nxd5 5. Bg2 Nb6 6. Nf3 Bg7 7. d3 O-O 8.
Be3 N8d7 9. Qd2 Re8 10. Bh6 Bh8 11. h4 Nf6 12. h5 c6 13. hxg6 hxg6 14. O-O-O
Nbd5 15. Bf8 Rxf8 16. Rxh8+ Kxh8 17. Qh6+ Kg8 18. Rh1 Nh5 19. Nxd5 f6 20. Nf4
Re8 21. Qxg6+ Ng7 22. Rh7 1-0

[Event "SR 2. liga A 2014/2015"]
[Site "?"]
[Date "2015.03.08"]
[Round "11.4"]
[White "Sustak, Roman"]
[Black "Gazi, Mikulas"]
[Result "0-1"]
[WhiteElo "1877"]
[BlackElo "2098"]
[PlyCount "92"]
[EventDate "2014.??.??"]

1. Nf3 c5 2. g3 g6 3. Bg2 Bg7 4. O-O Nf6 5. c4 d5 6. cxd5 Nxd5 7. Nc3 Nc6 8.
Qb3 Nb6 9. d3 O-O 10. Be3 Nd4 11. Qd1 Be6 12. Rc1 Qd7 13. Ne4 Bxa2 14. Nxc5
Nxf3+ 15. Bxf3 Qb5 16. b3 Rac8 17. Bxb7 Rc7 18. Ba6 Qa5 19. Bd2 Qa3 20. b4 Bb2
21. Ra1 Rd8 22. Qc2 Bxa1 23. Rxa1 Qxa6 24. Rxa2 Qb5 25. Ra5 Qc6 26. Qa2 Ra8 27.
d4 Qd5 28. Qxd5 Nxd5 29. e4 Nb6 30. Bf4 Rcc8 31. d5 f6 32. Kg2 g5 33. Be3 Nc4
34. Ra4 Nxe3+ 35. fxe3 a5 36. Ne6 axb4 37. Rxb4 g4 38. Rb2 Ra4 39. Nd4 Rc3 40.
Kf2 Rca3 41. Rb8+ Kf7 42. d6 Ra2+ 43. Ne2 exd6 44. Rb1 Rxe4 45. Rb7+ Ke6 46.
Rxh7 Rb4 0-1

[Event "SR 2. liga A 2014/2015"]
[Site "?"]
[Date "2015.03.08"]
[Round "11.4"]
[White "Hartl, Jan"]
[Black "Petrakovic, Kamil"]
[Result "1/2-1/2"]
[WhiteElo "2082"]
[BlackElo "1808"]
[PlyCount "70"]
[EventDate "2014.??.??"]

1. e4 c5 2. Nf3 g6 3. c3 Bg7 4. d4 cxd4 5. cxd4 d6 6. Nc3 Nf6 7. Bc4 O-O 8. Bb3
Nc6 9. O-O Bg4 10. Be3 a6 11. h3 Bd7 12. Qd3 b5 13. Rfd1 Qc7 14. Rac1 Qb8 15.
Nd5 Nxd5 16. Bxd5 Nb4 17. Qb3 Nxd5 18. exd5 a5 19. Qd3 Bf5 20. Qb3 Qb7 21. a3
Be4 22. Rc6 Rfc8 23. Rdc1 Rxc6 24. Rxc6 a4 25. Qc3 Re8 26. Rc7 Qxd5 27. Rxe7
Rf8 28. Ne1 Bf5 29. Rc7 Re8 30. Nd3 Qe4 31. Nb4 Be6 32. Rc6 Bd5 33. Nxd5 Qxd5
34. Rc8 Qe6 35. Rc6 Qd5 1/2-1/2

[Event "SR 2. liga A 2014/2015"]
[Site "?"]
[Date "2015.03.08"]
[Round "11.4"]
[White "Hlubovic, Michal"]
[Black "Srna, Jan"]
[Result "0-1"]
[WhiteElo "1776"]
[BlackElo "1957"]
[PlyCount "86"]
[EventDate "2014.??.??"]

1. e4 e6 2. g3 d5 3. exd5 exd5 4. Bg2 c6 5. Nf3 Bd6 6. h3 Ne7 7. d4 Bf5 8. c3
Nd7 9. Nbd2 Qc7 10. Nh4 Be6 11. Nhf3 f6 12. Nb3 O-O-O 13. Qe2 Bf7 14. Bd2 Nf5
15. O-O-O Rhe8 16. Qf1 g5 17. g4 Ng7 18. h4 h6 19. hxg5 hxg5 20. Rh7 Rg8 21.
Qh1 Bg6 22. Rh6 Ne6 23. Ne1 Nf4 24. Bf1 a5 25. a4 Qb6 26. Nc5 Nxc5 27. dxc5
Bxc5 28. Bxf4 gxf4 29. Bd3 Bxd3 30. Nxd3 Bxf2 31. Rxf6 Rxg4 32. Kc2 Rh4 33. Qg2
Bg3 34. Rd2 Rdh8 35. Qf3 Qe3 36. Qd1 Kb8 37. b4 axb4 38. cxb4 Qd4 39. Rf7 Rh2
40. Kb3 Qc4+ 41. Kb2 Rxd2+ 42. Qxd2 Rh2 43. Qxh2 Bxh2 0-1

[Event "SR 2. liga A 2014/2015"]
[Site "?"]
[Date "2015.03.08"]
[Round "11.5"]
[White "Rohacek, Miroslav"]
[Black "Balogh, Tomas"]
[Result "1/2-1/2"]
[WhiteElo "2272"]
[BlackElo "2358"]
[PlyCount "42"]
[EventDate "2014.??.??"]

1. e4 e5 2. Nf3 Nf6 3. Nxe5 d6 4. Nf3 Nxe4 5. Nc3 Nxc3 6. dxc3 Be7 7. Be3 O-O
8. Qd2 Qe8 9. Bd3 Nc6 10. O-O Ne5 11. Nxe5 dxe5 12. f4 exf4 13. Rxf4 Be6 14.
Raf1 Qc6 15. Qe2 h6 16. Bd4 Bc5 17. b3 a6 18. Qf2 Bxd4 19. cxd4 Qd6 20. c4 c6
21. Bf5 Rae8 1/2-1/2

[Event "SR 2. liga A 2014/2015"]
[Site "?"]
[Date "2015.03.08"]
[Round "11.5"]
[White "Janko, Michal"]
[Black "Kralovic, Andrej"]
[Result "1-0"]
[WhiteElo "2280"]
[BlackElo "2172"]
[PlyCount "107"]
[EventDate "2014.??.??"]

1. Nf3 Nf6 2. c4 b6 3. d4 e6 4. a3 Bb7 5. Nc3 d5 6. cxd5 Nxd5 7. Qc2 Be7 8. e4
Nxc3 9. bxc3 O-O 10. Bd3 c5 11. O-O Qc7 12. Qe2 Nd7 13. Bb2 Rfe8 14. Rad1 Rac8
15. h4 e5 16. Bb5 exd4 17. cxd4 cxd4 18. Nxd4 Bd6 19. Nf5 Rxe4 20. Qh5 Bh2+ 21.
Kh1 Nf8 22. Bxg7 Be5 23. Bxf8 Rxf8 24. Rd7 Qc3 25. Rxb7 Qb3 26. a4 Kh8 27. Qf3
Qxf3 28. gxf3 Rf4 29. Ng3 a6 30. Bc6 b5 31. axb5 Rxh4+ 32. Kg2 axb5 33. Rxb5
Bc7 34. Be4 Rh6 35. Rb7 Bf4 36. Rd1 Rd6 37. Rxd6 Bxd6 38. Nf5 Bf4 39. Kh3 Bd2
40. Rd7 Be1 41. Kg2 Bb4 42. f4 Bc5 43. Kf3 Ba3 44. Bd5 f6 45. Be4 Bb2 46. Nh6
f5 47. Bxf5 Bg7 48. Nf7+ Kg8 49. Be6 Rb8 50. f5 Ra8 51. Kg4 Ra4+ 52. Kg5 Ra8
53. f6 Ra5+ 54. Ne5+ 1-0

[Event "SR 2. liga A 2014/2015"]
[Site "?"]
[Date "2015.03.08"]
[Round "11.5"]
[White "Kimerling, Martin"]
[Black "Slacky, Stanislav"]
[Result "1-0"]
[WhiteElo "2157"]
[BlackElo "2191"]
[PlyCount "75"]
[EventDate "2014.??.??"]

1. d4 Nc6 2. Nf3 d6 3. c4 g6 4. g3 Bg7 5. Bg2 Nf6 6. Nc3 O-O 7. O-O Bg4 8. h3
Bf5 9. d5 Nb4 10. Nd4 Bd7 11. e4 c6 12. Be3 cxd5 13. cxd5 Qc8 14. Kh2 Qc4 15.
Qd2 Qd3 16. Rfd1 Qxd2 17. Rxd2 Na6 18. f4 Nc5 19. Re1 Rac8 20. e5 Nh5 21. e6
Be8 22. g4 Bxd4 23. Rxd4 Ng7 24. Bf2 fxe6 25. Bh4 Rf7 26. Rd2 Bd7 27. dxe6 Bxe6
28. Nd5 Kf8 29. b4 Nd7 30. Rde2 Nf6 31. Nxf6 exf6 32. Rxe6 Nxe6 33. Rxe6 Rc2
34. Bxf6 Rd7 35. Kg3 Rxg2+ 36. Kxg2 Kf7 37. f5 d5 38. Bd4 1-0